LEADER 01114cam0-22003971i-450- 001 990001432180403321 005 20041221091458.0 010 $a0-387-94657-8 035 $a000143218 035 $aFED01000143218 035 $a(Aleph)000143218FED01 035 $a000143218 100 $a20001205d1997----km-y0itay50------ba 101 0 $aeng 102 $aUS 200 1 $a<>fundamental theorem of algebra$fBenjamin Fine, Gerhard Rosenberger 210 $aNew York$cSpringer-Verlag$dİ1997 215 $aviii, 208 p.$d25 cm 225 1 $aUndergraduate Texts in Mathematics 610 0 $aTeoria dei numeri 610 0 $aFunzioni di una variabile complessa 676 $a512.942 700 1$aFine,$bBenjamin$f1948- >$056763 701 1$aRosenberger,$bGerhard$066084 801 0$aIT$bUNINA$gRICA$2UNIMARC 901 $aBK 912 $a990001432180403321 952 $aC-4-(80$b14457$fMA1 952 $aVI N 166$b41335$fFSPBC 959 $aMA1 959 $aFSPBC 962 $a11-01 962 $a30-01 962 $a54-01 996 $aFundamental theorem of algebra$983127 997 $aUNINA LEADER 01622oam 2200493M 450 001 9910715755103321 005 20191123063218.3 035 $a(CKB)5470000002514523 035 $a(OCoLC)1065947158 035 $a(OCoLC)995470000002514523 035 $a(EXLCZ)995470000002514523 100 $a20070221d1850 ua 0 101 0 $aeng 135 $aurcn||||||||| 181 $ctxt$2rdacontent 182 $cc$2rdamedia 183 $acr$2rdacarrier 200 10$aCaptain Aken. August 1, 1850. Ordered to be printed 210 1$a[Washington, D.C.] :$c[publisher not identified],$d1850. 215 $a1 online resource (1 page) 225 1 $aHouse report / 31st Congress, 1st session. House ;$vno. 436 225 1 $a[United States congressional serial set ] ;$v[serial no. 585] 300 $aBatch processed record: Metadata reviewed, not verified. Some fields updated by batch processes. 300 $aFDLP item number not assigned. 606 $aClaims 606 $aCompensation (Law) 606 $aCompensation (Law)$zChina 606 $aArmed Forces$xOfficers 608 $aLegislative materials.$2lcgft 615 0$aClaims. 615 0$aCompensation (Law) 615 0$aCompensation (Law) 615 0$aArmed Forces$xOfficers. 701 $aRichardson$b W. A$g(William Alexander),$f1811-1875$pDemocrat (IL)$01394547 801 0$bWYU 801 1$bWYU 801 2$bOCLCO 801 2$bOCLCQ 801 2$bOCLCO 801 2$bOCLCQ 906 $aBOOK 912 $a9910715755103321 996 $aCaptain Aken. August 1, 1850. Ordered to be printed$93506200 997 $aUNINA LEADER 01786oam 2200469M 450 001 9910716283103321 005 20200213071017.8 035 $a(CKB)5470000002519291 035 $a(OCoLC)1065659916 035 $a(OCoLC)995470000002519291 035 $a(EXLCZ)995470000002519291 100 $a20071213d1926 ua 0 101 0 $aeng 135 $aurcn||||||||| 181 $ctxt$2rdacontent 182 $cc$2rdamedia 183 $acr$2rdacarrier 200 10$aTo punish counterfeiting of government transportation requests. February 6, 1926. -- Referred to the House Calendar and ordered to be printed 210 1$a[Washington, D.C.] :$c[U.S. Government Printing Office],$d1926. 215 $a1 online resource (2 pages) 225 1 $aHouse report / 69th Congress, 1st session. House ;$vno. 212 225 1 $a[United States congressional serial set ] ;$v[serial no. 8531] 300 $aBatch processed record: Metadata reviewed, not verified. Some fields updated by batch processes. 300 $aFDLP item number not assigned. 606 $aCounterfeits and counterfeiting 606 $aGovernment travel 606 $aLegislative amendments 606 $aTransportation 608 $aLegislative materials.$2lcgft 615 0$aCounterfeits and counterfeiting. 615 0$aGovernment travel. 615 0$aLegislative amendments. 615 0$aTransportation. 701 $aGraham$b George Scott$f1850-1931$pRepublican (PA)$01386798 801 0$bWYU 801 1$bWYU 801 2$bOCLCO 801 2$bOCLCQ 906 $aBOOK 912 $a9910716283103321 996 $aTo punish counterfeiting of government transportation requests. February 6, 1926. -- Referred to the House Calendar and ordered to be printed$93472943 997 $aUNINA